[Event "AUTO-OPEN-1795"]
[Site "http://www.queenalice.com/game.php?id=696748"]
[Date "2009.12.12"]
[Round "1"]
[White "Morphy"]
[Black "henriq19"]
[Result "0-1"]
[WhiteElo "1319"]
[BlackElo "1850"]

1. e4 e5 2. Nf3 Nc6 3. Bb5 d6 4. d4 Bd7 5. Nc3 Nf6 6. Bxc6 bxc6 7. dxe5 dxe5 8.
h3 Be7 9. Nxe5 O-O 10. Qf3 Bd6 11. Ng4 Bb4 12. O-O Re8 13. e5 Nxg4 14. hxg4 Rxe5
15. Qf4 Qe7 16. Be3 Bd6 17. Qf3 f5 18. gxf5 Rxf5 19. Qe2 Qh4 20. f4 Rh5 21. Qf3
Rf8 22. Ne2 Bg4 23. Qxc6 Bxe2 0-1

[Event "AUTO-OPEN-1795"]
[Site "http://www.queenalice.com/game.php?id=696749"]
[Date "2009.12.12"]
[Round "1"]
[White "henriq19"]
[Black "Morphy"]
[Result "1-0"]
[WhiteElo "1860"]
[BlackElo "1319"]

1. e4 e5 2. Nf3 Nc6 3. Bb5 a6 4. Ba4 Nf6 5. d3 b5 6. Bb3 d5 7. O-O dxe4 8. Ng5
Be6 9. Nxe6 fxe6 10. Bxe6 exd3 11. cxd3 Nd4 12. Bh3 c5 13. Bg5 Be7 14. Nc3 O-O
15. g3 h6 16. Be3 Ra7 17. a3 Qb6 18. b4 Qc6 19. Bg2 Qd6 20. Rc1 cxb4 21. axb4
Qxb4 22. f4 Bd6 23. fxe5 Bxe5 24. Kh1 a5 25. Bd2 Qd6 26. Be3 Re7 27. Bxd4 Qxd4
28. Nxb5 Qe3 29. d4 Rd7 30. Rc3 Qg5 31. Qb3+ Rdf7 32. dxe5 Qxe5 33. Re3 Qh5 34.
Bf3 Ng4 35. Bxg4 1-0

[Event "Challenge"]
[Site "http://www.queenalice.com/game.php?id=697648"]
[Date "2009.12.13"]
[Round "-"]
[White "Morphy"]
[Black "elche"]
[Result "1-0"]
[WhiteElo "1390"]
[BlackElo "1773"]

1. e4 c5 2. Nf3 Nc6 3. d4 cxd4 4. Nxd4 a6 5. Be3 Nf6 6. Nxc6 bxc6 7. Bd3 e6 8.
Nc3 Bb4 9. Qd2 Ng4 10. O-O Nxe3 11. Qxe3 Qa5 12. Ne2 O-O 13. c3 Be7 14. Kh1 Qg5
15. f4 Qh6 16. b4 Bf6 17. e5 Bxe5 18. Qxe5 d5 19. f5 exf5 20. Ng3 g6 21. Qd6 Qd2
22. Be2 Qxc3 23. Rac1 Qa3 24. Qxc6 Be6 25. Qc2 Qxb4 26. Rb1 Qe7 27. Qd2 a5 28.
Bf3 Rfd8 29. Ne2 Qa7 30. Nd4 Qa6 31. Rfe1 a4 32. a3 Qa5 33. Qe2 1-0

[Event "AUTO-INT-1547"]
[Site "http://www.queenalice.com/game.php?id=697825"]
[Date "2009.12.14"]
[Round "1"]
[White "LeroyGreat"]
[Black "Morphy"]
[Result "1-0"]
[WhiteElo "1586"]
[BlackElo "1477"]

1. e4 Nf6 2. e5 Nd5 3. Nf3 e6 4. c4 Nb6 5. d4 d6 6. Nc3 Be7 7. Bf4 O-O 8. Bd3
Bd7 9. a3 Qe8 10. Qc2 g6 11. Bh6 dxe5 12. dxe5 Bc6 13. Bxf8 Qxf8 14. O-O Bxf3
15. gxf3 Qh6 16. Ne4 f5 17. exf6 Bd6 18. Nxd6 cxd6 19. Qc1 g5 20. Qc3 e5 21. Be4
Nc6 22. Bxc6 bxc6 23. c5 Nd5 24. Qc4 Qxf6 25. cxd6 Qxd6 26. Rac1 Rc8 27. Qc5 Qh6
28. Qxa7 Nf4 29. Qd7 Rf8 30. Rxc6 Ne2+ 31. Kh1 Qh5 32. Qe6+ Kh8 33. Qxe5+ 1-0

[Event "AUTO-INT-1547"]
[Site "http://www.queenalice.com/game.php?id=697826"]
[Date "2009.12.14"]
[Round "1"]
[White "Morphy"]
[Black "LeroyGreat"]
[Result "0-1"]
[WhiteElo "1450"]
[BlackElo "1598"]

1. e4 e5 2. Nf3 Nc6 3. d4 exd4 4. Nxd4 Bb4+ 5. c3 Ba5 6. Bb5 a6 7. Bxc6 dxc6 8.
O-O c5 9. Nf5 Qxd1 10. Rxd1 Bxf5 11. exf5 Rd8 12. Rxd8+ Kxd8 13. Be3 c4 14. Na3
b5 15. Rd1+ Ke7 16. Bd4 Nf6 17. f3 Bb6 18. Bxb6 cxb6 19. Nc2 Rd8 20. Re1+ Kd6
21. Nd4 Re8 22. Rd1 Nd5 23. g4 Kc5 24. Kh1 a5 25. Nxb5 Re2 26. Nd4 Rxb2 27. Ra1
Nxc3 0-1

[Event "AUTO-INT-1547"]
[Site "http://www.queenalice.com/game.php?id=697839"]
[Date "2009.12.14"]
[Round "1"]
[White "robinud"]
[Black "Morphy"]
[Result "1-0"]
[WhiteElo "1682"]
[BlackElo "1319"]

1. e4 c5 2. Bc4 Nc6 3. Nf3 d6 4. c3 h6 5. d4 Bg4 6. d5 Ne5 7. Bb5+ Bd7 8. Bxd7+
Qxd7 9. b3 e6 10. c4 Be7 11. Nxe5 Qc7 12. Qh5 dxe5 13. dxe6 Nf6 14. Qxf7+ Kd8
15. Qxg7 Rf8 16. Bxh6 Nd7 17. O-O 1-0

[Event "AUTO-INT-1547"]
[Site "http://www.queenalice.com/game.php?id=697840"]
[Date "2009.12.14"]
[Round "1"]
[White "Morphy"]
[Black "robinud"]
[Result "0-1"]
[WhiteElo "1313"]
[BlackElo "1684"]

1. e4 e5 2. Nf3 Nc6 3. Bb5 Nge7 4. b3 Nd4 5. Nxd4 exd4 6. Bb2 a6 7. Be2 c5 8. c3
Nc6 9. O-O Bd6 10. Na3 O-O 11. d3 Qc7 12. Bf3 Bxh2+ 13. Kh1 Be5 14. Bg4 Qd6 15.
Nc4 Qh6+ 16. Bh3 d5 17. exd5 Bxh3 18. Qf3 Bg4+ 0-1

[Event "AUTO-INT-1547"]
[Site "http://www.queenalice.com/game.php?id=697847"]
[Date "2009.12.14"]
[Round "1"]
[White "louni"]
[Black "Morphy"]
[Result "1-0"]
[WhiteElo "1566"]
[BlackElo "1463"]

1. e4 e5 2. Nf3 f5 3. Nxe5 Qf6 4. d4 d6 5. Nc4 Bd7 6. e5 Qe6 7. Bd3 Ne7 8. Qh5+
g6 9. Qf3 d5 10. Ne3 Bc6 11. Nc3 Nd7 12. O-O O-O-O 13. b4 b6 14. b5 Bb7 15. a4
Nb8 16. Bb2 a6 17. Ra2 Bh6 18. Rfa1 f4 19. Ng4 Bg7 20. Qxf4 Rhf8 21. Qg3 h5 22.
Ne3 Nd7 23. bxa6 Ba8 24. a5 Bxe5 25. dxe5 d4 26. Nc4 dxc3 27. Bxc3 Bd5 28. Ra4
Nc5 29. Rb4 Nxa6 30. Nxb6+ cxb6 31. Bxa6+ Kb8 32. Rxb6+ 1-0

[Event "AUTO-INT-1547"]
[Site "http://www.queenalice.com/game.php?id=697848"]
[Date "2009.12.14"]
[Round "1"]
[White "Morphy"]
[Black "louni"]
[Result "1-0"]
[WhiteElo "1429"]
[BlackElo "1600"]

1. e4 e5 2. Nf3 Nf6 3. d4 Nxe4 4. Bd3 d5 5. Nxe5 Nd7 6. Nxd7 Bxd7 7. O-O Bd6 8.
Re1 f5 9. f3 O-O 10. fxe4 fxe4 11. Be2 c5 12. Bg4 b6 13. Bxd7 Qxd7 14. Qh5 Qf7
15. Qxf7+ Rxf7 16. Be3 cxd4 17. Bxd4 Rc8 18. c3 Rcf8 19. Nd2 Bf4 20. Be3 Bxe3+
21. Rxe3 Rf4 22. c4 d4 23. Rxe4 Rf2 24. Rxd4 g6 25. a4 Re2 26. Rd1 Rfe8 27. Nf3
1-0

[Event "Challenge"]
[Site "http://www.queenalice.com/game.php?id=706591"]
[Date "2010.1.1"]
[Round "-"]
[White "JackieR"]
[Black "Morphy"]
[Result "0-1"]
[WhiteElo "1390"]
[BlackElo "1475"]

1. e4 c5 2. Nc3 e6 3. Bc4 Ne7 4. Nf3 Nbc6 5. d3 d5 6. exd5 exd5 7. Bb3 Bg4 8.
O-O c4 9. dxc4 dxc4 10. Bxc4 Qxd1 11. Rxd1 Bxf3 12. gxf3 Ng6 13. Nd5 O-O-O 14.
Be3 Nge5 15. Bb3 Nxf3+ 16. Kg2 Nh4+ 17. Kh3 Nf5 18. Nc3 Bb4 19. Bxf7 Bxc3 20.
bxc3 Rhf8 21. Bb3 Nxe3 22. fxe3 Rf3+ 23. Kg2 Rxe3 24. c4 Rde8 25. Rf1 h5 26.
Rad1 Na5 27. Rd5 Nxb3 28. cxb3 Re2+ 29. Rf2 R2e5 30. Rf7 Re2+ 31. Kh3 R8e3+ 32.
Kh4 Rxh2+ 33. Kg5 Rg3+ 34. Kf5 Rf2+ 35. Ke6 Re3+ 36. Re5 Rxe5+ 37. Kxe5 Rxf7 38.
Ke6 Rf1 0-1

[Event "Challenge"]
[Site "http://www.queenalice.com/game.php?id=708932"]
[Date "2010.1.5"]
[Round "-"]
[White "Psychonerd"]
[Black "Morphy"]
[Result "1-0"]
[WhiteElo "1575"]
[BlackElo "1491"]

1. Nf3 Nf6 2. d4 d6 3. Bg5 h6 4. Bxf6 exf6 5. e4 f5 6. exf5 Bxf5 7. Nc3 c6 8. d5
Qb6 9. dxc6 Nxc6 10. Nd5 Qa5+ 11. c3 Be7 12. b4 Qd8 13. Bb5 Rc8 14. O-O O-O 15.
Re1 Be6 16. Nf4 Qc7 17. Nxe6 fxe6 18. Rxe6 Rce8 19. Qd5 a6 20. Rxe7+ 1-0

[Event "Challenge"]
[Site "http://www.queenalice.com/game.php?id=710724"]
[Date "2010.1.9"]
[Round "-"]
[White "Morphy"]
[Black "Admilton"]
[Result "1-0"]
[WhiteElo "1443"]
[BlackElo "1591"]

1. e4 e5 2. Nf3 d6 3. Bc4 Qe7 4. d3 h6 5. Nc3 Nf6 6. h3 a6 7. O-O Bxh3 8. gxh3
b5 9. Bb3 c5 10. a3 Nc6 11. Ne2 g5 12. Ng3 Nd4 13. Nxd4 exd4 14. Nf5 Qd7 15. f4
d5 16. fxg5 hxg5 17. Bxg5 Nxe4 18. Re1 Qxf5 19. dxe4 Qxg5+ 20. Qg4 Qxg4+ 21.
hxg4 c4 22. Ba2 Rh4 23. Rad1 Rxg4+ 24. Kh2 Rxe4 25. Rxe4+ dxe4 26. Rxd4 e3 27.
Re4+ Kd7 28. Rxe3 Bc5 29. Rf3 Rh8+ 30. Kg2 Ke6 31. b3 c3 32. b4+ Kd6 33. bxc5+
Kxc5 34. Rxc3+ Kd4 35. Rg3 Rh7 36. Kf2 Rh2+ 37. Kg1 Rxc2 38. Bxf7 Rc7 39. Bh5
Kc4 40. Be2+ Kd5 41. Rb3 Rc5 42. Kf2 Kd4 43. Rd3+ Kc4 44. Rd6+ Kb3 45. Rxa6 Rf5+
46. Ke1 Rc5 47. Bd1+ Kc4 48. Ra5 Re5+ 49. Be2+ Kc5 50. a4 Kb6 51. Rxb5+ Rxb5 52.
Bxb5 Ka5 53. Kd2 Kb6 54. Kc3 Ka5 55. Kc4 Kb6 56. Kb4 Ka7 57. a5 Kb7 58. a6+ Ka7
59. Ka5 Ka8 60. Kb6 Kb8 61. a7+ Ka8 62. Bc6# 1-0

[Event "Challenge"]
[Site "http://www.queenalice.com/game.php?id=712682"]
[Date "2010.1.12"]
[Round "-"]
[White "n90203"]
[Black "Morphy"]
[Result "0-1"]
[WhiteElo "1449"]
[BlackElo "1470"]

1. Nh3 e5 2. e4 Nf6 3. d4 Nxe4 4. dxe5 Qe7 5. Qf3 Nc5 6. Qh5 d6 7. Bg5 Qxe5+ 8.
Be2 Be6 9. Nc3 Nbd7 10. O-O g6 11. Qf3 f6 12. Bf4 Qf5 13. Bd3 Nxd3 14. cxd3 g5
15. Qh5+ Bf7 16. Rae1+ Ne5 17. Qf3 gxf4 18. Nxf4 Be7 19. Qxb7 Rc8 20. g3 O-O 21.
Ncd5 Bxd5 22. Qxd5+ Kh8 23. Ne6 Nf3+ 24. Qxf3 Qxf3 25. Nxf8 Rxf8 26. Rxe7 Qxd3
27. Rfe1 Qc2 28. R1e2 Qb1+ 29. Kg2 Qxa2 30. Rxc7 d5 31. Rd2 Rd8 32. Rcc2 Qa5 33.
b3 d4 34. Ra2 Qb6 35. Rab2 Qc6+ 36. Kg1 Qe4 37. b4 Rc8 38. h4 Rc1+ 39. Kh2 Qh1#
0-1

[Event "Challenge"]
[Site "http://www.queenalice.com/game.php?id=718559"]
[Date "2010.1.22"]
[Round "-"]
[White "Morphy"]
[Black "archangel"]
[Result "0-1"]
[WhiteElo "1477"]
[BlackElo "1759"]

1. e4 Nc6 2. d4 d5 3. e5 Bf5 4. Nf3 Nb4 5. Bd3 Bg6 6. Bxg6 hxg6 7. c3 Nc6 8. Bg5
f6 9. exf6 gxf6 10. Be3 e5 11. Qa4 Qd6 12. Nbd2 e4 13. Ng1 Rxh2 14. Rxh2 Qxh2
15. O-O-O Qxg2 16. Nb3 O-O-O 17. c4 a6 18. Na5 Nge7 19. Ne2 g5 20. Nc3 Rd6 21.
Kb1 b6 22. Nxc6 Nxc6 23. Qxa6+ Kd7 24. Nb5 Nb4 25. Qb7 Rc6 26. c5 bxc5 27. Rc1
c4 28. Nc3 Rb6 29. Qa8 Bd6 30. Nxd5 Nxd5 31. Qxd5 c3 32. Rxc3 Qf1+ 33. Rc1 Qd3+
34. Rc2 c6 35. Qc4 Ba3 36. b3 Qd1+ 37. Bc1 Be7 38. Rd2 Qf3 39. Qa4 g4 40. d5 Bd6
41. Ba3 Qh1+ 42. Kb2 Be5+ 43. Kc2 e3 44. dxc6+ Ke6 45. Qxg4+ f5 46. Qc4+ Kf6 47.
fxe3 Rxc6 48. Bc5 Qe4+ 49. Qxe4 Rxc5+ 50. Qc4 Ra5 51. Rd6+ Bxd6 52. Qc3+ Re5 53.
a4 Kg5 54. Qxe5 Bxe5 55. a5 Bb8 56. Kd3 Kf6 57. a6 Ke6 58. Kc4 Kd6 59. b4 Ba7
60. Kd3 Kc6 61. e4 f4 62. Ke2 Kd6 63. Kf3 Ke5 64. b5 Bb6 65. Ke2 Kxe4 0-1

[Event "Challenge"]
[Site "http://www.queenalice.com/game.php?id=720971"]
[Date "2010.1.26"]
[Round "-"]
[White "Morphy"]
[Black "Admilton"]
[Result "0-1"]
[WhiteElo "1489"]
[BlackElo "1591"]

1. e4 e5 2. Nf3 f6 3. d4 Bd6 4. dxe5 Bxe5 5. Bc4 Ne7 6. O-O c6 7. Nxe5 b5 8. Bb3
fxe5 9. Qh5+ Ng6 10. f4 Qh4 11. Qf5 Rf8 12. Qg5 Qxg5 13. fxg5 Rxf1+ 14. Kxf1 d5
15. exd5 Ba6 16. dxc6 Nxc6 17. c3 Rb8 18. Kg1 Bc8 19. Be3 Bf5 20. Nd2 a6 21. Rc1
Nf8 22. Bc2 g6 23. Bf2 Ne6 24. h4 Nf4 25. Re1 Bxc2 0-1

[Event "Let's Play Chess!"]
[Site "http://www.queenalice.com/game.php?id=722440"]
[Date "2010.1.29"]
[Round "-"]
[White "Morphy"]
[Black "spawnwolfwolverine"]
[Result "1-0"]
[WhiteElo "1488"]
[BlackElo "1545"]

1. e4 e5 2. Nf3 d6 3. Nc3 Bg4 4. Be2 Nf6 5. d4 Bxf3 6. Bxf3 Be7 7. dxe5 dxe5 8.
O-O Qxd1 9. Rxd1 O-O 10. a3 Nc6 11. Be3 b6 12. Nd5 Nxd5 13. exd5 Nd4 14. Bxd4
exd4 15. d6 Bxd6 16. Bxa8 Rxa8 17. Rxd4 Be5 18. Re4 Bxb2 19. Rae1 Kf8 20. a4 c5
21. c4 Bd4 22. g3 g6 23. Kg2 h6 24. f4 a5 25. g4 Kg7 26. Re7 Rb8 27. h4 Bf6 28.
R7e4 Bxh4 29. R1e2 g5 30. fxg5 hxg5 31. Re5 Kg6 32. R2e3 f6 33. Re6 Kf7 34. Re7+
Kg6 35. Re8 Rxe8 36. Rxe8 Be1 37. Re6 Bb4 38. Rxb6 Kf7 39. Kf3 Ke7 40. Ke4 Kf7
41. Kf5 Bc3 42. Rb7+ Ke8 43. Ke6 Be5 44. Rb5 Kd8 45. Rxa5 Kc7 46. Rb5 Kc6 47. a5
Bc7 48. a6 Bb6 49. Kxf6 Kc7 50. Kxg5 Kc6 51. Kf5 Kc7 52. g5 Kc6 53. g6 Kc7 54.
g7 Kc6 55. g8=Q Bd8 56. a7 Kc7 57. Qf7+ Kc6 58. a8=Q+ Kd6 59. Qad5# 1-0

[Event "Let's Play Chess!"]
[Site "http://www.queenalice.com/game.php?id=722441"]
[Date "2010.1.29"]
[Round "-"]
[White "spawnwolfwolverine"]
[Black "Morphy"]
[Result "0-1"]
[WhiteElo "1514"]
[BlackElo "1470"]

1. c4 g6 2. d3 Bg7 3. e4 d6 4. g3 e6 5. Bg2 c6 6. Nf3 Qa5+ 7. Qd2 Qxd2+ 8. Nbxd2
Nd7 9. O-O Ne5 10. Nxe5 Bxe5 11. Nf3 Bf6 12. a4 Ne7 13. a5 a6 14. Ra2 O-O 15. b4
e5 16. Bg5 Bxg5 17. Nxg5 f5 18. f3 Kg7 19. h4 h6 20. Nh3 fxe4 21. dxe4 d5 22.
cxd5 cxd5 23. Re1 d4 24. Rb2 Be6 25. b5 axb5 26. Rxb5 Bxh3 27. Bxh3 Rxf3 28.
Rxb7 Kf8 29. Rb5 Rxg3+ 30. Bg2 Nc6 31. Ra1 d3 32. a6 d2 33. Rd5 Nd4 34. a7 Rc3
35. Rxe5 Rc1+ 36. Rxc1 dxc1=Q+ 37. Kh2 Qf4+ 38. Kg1 Qxe5 39. h5 Qf4 40. e5 Rxa7
41. e6 Ra1+ 42. Bf1 Qxf1+ 43. Kh2 Qh1+ 44. Kg3 Qf3+ 45. Kh4 Rh1# 0-1

[Event "Let's Play Chess!"]
[Site "http://www.queenalice.com/game.php?id=741399"]
[Date "2010.3.5"]
[Round "-"]
[White "Morphy"]
[Black "elche"]
[Result "1/2-1/2"]
[WhiteElo "1506"]
[BlackElo "1703"]

1. e4 c5 2. d4 cxd4 3. Qxd4 Nc6 4. Qd1 Nf6 5. Nc3 e6 6. a3 d5 7. exd5 Nxd5 8.
Nxd5 Qxd5 9. Qxd5 exd5 10. Bb5 a6 11. Bd3 Bd6 12. Bd2 O-O 13. O-O-O Be6 14. Ne2
d4 15. f4 Bg4 16. h3 Bxe2 17. Bxe2 b5 18. g4 Bc5 19. c3 dxc3 20. Bxc3 b4 21.
axb4 Bxb4 22. Bxb4 Nxb4 23. Rd4 Rfc8+ 24. Kd2 Rc2+ 25. Ke3 Rxb2 26. Bd3 Rb3 27.
Ke2 Re8+ 28. Kd2 Rb2+ 29. Kc3 Nxd3 30. Rxd3 Reb8 31. Re1 R2b3+ 32. Kd2 Rxd3+ 33.
Kxd3 a5 34. Re7 Ra8 35. Kc3 a4 36. Re1 a3 37. Ra1 a2 38. Kb2 f6 39. Rxa2 Rxa2+
40. Kxa2 Kf7 41. Kb3 Ke6 42. Kc4 g5 43. fxg5 fxg5 1/2-1/2

[Event "Let's Play Chess!"]
[Site "http://www.queenalice.com/game.php?id=742223"]
[Date "2010.3.7"]
[Round "-"]
[White "Morphy"]
[Black "APSHOOTER"]
[Result "1-0"]
[WhiteElo "1480"]
[BlackElo "1662"]

1. e4 d5 2. exd5 Qxd5 3. Nc3 Qd8 4. d4 Nc6 5. Nge2 Bg4 6. Be3 e6 7. h3 Bh5 8. g4
Bg6 9. Bg2 Qd7 10. Qd2 Bb4 11. a3 Ba5 12. Nf4 Nge7 13. O-O-O O-O 14. Nxg6 Nxg6
15. Be4 Nh4 16. f4 b5 17. f5 b4 18. axb4 Bxb4 19. Qe1 exf5 20. Qxh4 fxe4 21. g5
g6 22. Qxe4 Bxc3 23. bxc3 Rab8 24. h4 Rb5 25. h5 Rfb8 26. hxg6 Rb1+ 27. Kd2
Rxd1+ 28. Rxd1 Re8 29. gxf7+ Qxf7 30. Qxc6 Rf8 31. Qg2 a5 32. Rh1 a4 33. g6 hxg6
34. Rh6 Kg7 35. Qh2 Qg8 36. Qe5+ Rf6 37. Bg5 Qf7 38. Be3 a3 39. Rh1 a2 40. Bg5
c6 41. Bxf6+ Qxf6 42. Qxf6+ Kxf6 43. Ra1 Kf5 44. Rxa2 g5 45. Ke3 g4 46. Kf2 Kf4
47. Kg2 Kg5 48. Ra5+ Kf4 49. Rc5 Ke3 50. Rxc6 1-0

[Event "Let's Play Chess!"]
[Site "http://www.queenalice.com/game.php?id=742224"]
[Date "2010.3.7"]
[Round "-"]
[White "Jodaia"]
[Black "Morphy"]
[Result "1-0"]
[WhiteElo "1595"]
[BlackElo "1503"]

1. e4 e5 2. Nf3 f5 3. exf5 e4 4. Ng1 Qg5 5. Nc3 Nf6 6. d3 Qxf5 7. Qe2 Bb4 8.
dxe4 Nxe4 9. g4 Qe6 10. Bd2 Bxc3 11. Bxc3 Nxc3 12. Qxe6+ dxe6 13. bxc3 Bd7 14.
a4 Nc6 15. Nf3 e5 16. h3 h6 17. Bg2 O-O-O 18. Nh4 g5 19. Ng6 Rhg8 20. Bxc6 Bxc6
21. Ne7+ Kb8 22. Rh2 Rge8 23. Nxc6+ bxc6 24. Ke2 Rd6 25. Rhh1 Red8 26. Ra2 c5
27. Rb1+ Rb6 28. Rb3 Ka8 29. Rb5 Rd5 30. c4 Rxb5 31. cxb5 Kb7 32. c4 Rd4 33. Rc2
a6 34. Ke3 Rd7 35. Ke4 Re7 36. Kd5 Kb6 37. Ra2 a5 38. Ke4 c6 39. Kf5 cxb5 40.
cxb5 c4 41. Kf6 Re8 42. Kg6 Rh8 43. Kg7 1-0

[Event "Let's Play Chess!"]
[Site "http://www.queenalice.com/game.php?id=743110"]
[Date "2010.3.8"]
[Round "-"]
[White "Morphy"]
[Black "Xmen"]
[Result "0-1"]
[WhiteElo "1497"]
[BlackElo "1484"]

1. e4 Nc6 2. Nf3 d5 3. exd5 Qxd5 4. Nc3 Qa5 5. d4 Bf5 6. d5 Nb4 7. Nd4 Bxc2 8.
Nxc2 O-O-O 9. Qg4+ e6 10. dxe6 Nxc2+ 11. Ke2 Nf6 12. Qa4 Qxa4 13. Nxa4 Nxa1 14.
exf7 Nc2 15. g3 Nd4+ 0-1

[Event "Let's Play Chess!"]
[Site "http://www.queenalice.com/game.php?id=743114"]
[Date "2010.3.8"]
[Round "-"]
[White "Morphy"]
[Black "colatina"]
[Result "0-1"]
[WhiteElo "1514"]
[BlackElo "1490"]

1. e4 Nc6 2. d4 d5 3. Nc3 dxe4 4. Nxe4 Qd5 5. Nc3 Qa5 6. Nf3 Bg4 7. Be2 O-O-O 8.
Bd2 e5 9. dxe5 Bf5 10. Bb5 Nb4 11. Nd4 Rxd4 0-1